Děti a reklama

Téma deti a reklama vo výskume agentúry Ogilvy & Mather. Z výsledkov výskumu: polovica rozpočtu na reklamu na detské produkty je určená na oslovenie detí prostredníctvom ich rodičov, televízna reklama ako ideálny nástroj na oslovenie detí, s vekom detí rastie význam internetu, najvhodnejšie komunika...

Descripción completa

Guardado en:
Detalles Bibliográficos
Formato: Capítulo de libro
Lenguaje:checo
Materias:
Etiquetas: Agregar Etiqueta
Sin Etiquetas, Sea el primero en etiquetar este registro!

MARC

LEADER 00000naa a2200000 4500
001 0151319
005 20240315071852.1
041 0 |a cze 
044 |a CZ 
245 1 0 |a Děti a reklama 
520 |a Téma deti a reklama vo výskume agentúry Ogilvy & Mather. Z výsledkov výskumu: polovica rozpočtu na reklamu na detské produkty je určená na oslovenie detí prostredníctvom ich rodičov, televízna reklama ako ideálny nástroj na oslovenie detí, s vekom detí rastie význam internetu, najvhodnejšie komunikačné kanály na oslovenie detí, využitie obľúbených seriálových a animovaných hrdinov. Etika v reklame určenej pre deti. 
610 2 0 |a reklama 
610 2 0 |a kampane reklamné 
610 2 0 |a propagácia 
610 2 0 |a deti 
610 2 0 |a médiá 
610 2 0 |a internet 
610 2 0 |a etika 
610 2 0 |a výskum 
610 2 0 |a Česko